Features on Denzel Curry Albums - Statistics

General Stats
  • This quiz has been taken 66 times
  • The average score is 20 of 59
Answer Stats
Song Answer % Correct
SIRENS JID
93%
JID
93%
VENGEANCE JPEGMAFIA
77%
Knotty Head Rick Ross
66%
BIRDZ Rick Ross
66%
Billie Eilish
61%
Zenith Joey Bada$$
61%
A$AP Rocky
59%
Troubles T-Pain
59%
Sanjuro 454
57%
ANOTHA LATE NIGHT 454
57%
COLE PIMP Ty Dolla $ign
55%
STILL IN THE PAINT LAZER DIM 700
52%
A$AP Ferg
50%
Ain't No Way 6LACK
48%
HIT THE FLOOR Ski Mask The Slump God
48%
BLACK FLAG FREESTYLE That Mexican OT
48%
Bktherula
45%
HOT ONE TiaCorine
45%
Rico Nasty
41%
Zillakami
41%
SKED Kenny Mason
39%
G'Z UP 2 Chainz
36%
Goldlink
36%
P.A.T PlayThatBoiZay
36%
HOODLUMZ PlayThatBoiZay
36%
Project Pat
36%
KOTMS II INTRO Kingpin Skinny Pimp
34%
HEAD CRACK INTERLUDE Kingpin Skinny Pimp
34%
LUNATIC INTERLUDE Kingpin Skinny Pimp
34%
KOTMS II OUTRO Kingpin Skinny Pimp
34%
SET IT Maxo Kream
34%
Good Night Twelve'len
34%
If Tomorrow's Not Here Twelve'len
34%
BLACK BALLOONS Twelve'len
34%
Juicy J
32%
WISHLIST Armani White
30%
Melt Session #1 Robert Glasper
30%
Zatoichi slowthai
30%
Chrome Hearts Zacari
23%
ULTRA SHXT Key Nyata
20%
P.O.P. Key Nyata
20%
WISH Kiddo Marv
18%
John Wayne Buzzy Lee
16%
Mike Dimes
14%
AUTOMATIC Tay Keith
14%
Jasiah
11%
ACT A DAMN FOOL Duke Deuce
9%
CASH MANIAC Nyyjerya
9%
CAROLMART Ice Billion Berg
7%
Kitty Ca$h
7%
Bridget Perez
5%
Neil
2%
Powers Pleasant
2%
SHAKE 88 Sam Sneak
2%
Sauce Walka
2%
Mental Saul Williams
2%
Angelz Kariem Riggins
0%
Slim Guerilla
0%
No matching quizzes found
Score Distribution
Percent of People with Each Score
Percentile by Number Answered
Your Score History
You have not taken this quiz